000
00317nam a2200133Ia 4500
008
250520s9999 xx 000 0 und d
020
_a
9780753828960
100
_a
COURCY, ANNE DE
245
4
_a
THE FISHING FLEET
260
_b
PHOENIX PAPERBACK, LONDON
_c
2013
300
_a
555
650
_a
General
942
_c
BK
999
_c
220537
_d
220537